Normal view
MARC view
- العبودي ، عباس
Entry Personal Name
001 - CONTROL NUMBER
- control field: 12442
003 - CONTROL NUMBER IDENTIFIER
- control field: JO-AjAnu
005 - DATE AND TIME OF LATEST TRANSACTION
- control field: 20230606072308.0
008 - FIXED-LENGTH DATA ELEMENTS
- fixed length control field: 230606|| aca||aabn | a|a d
040 ## - CATALOGING SOURCE
- Original cataloging agency: JO-AjAnu
- Transcribing agency: JO-AjAnu
100 ## - HEADING--PERSONAL NAME
- Personal name: العبودي ، عباس
670 ## - SOURCE DATA FOUND
- Source citation: Work cat.: (JO-AjAnu)6406: العبودي ، عباس , author, شرح أحكام العقود المسماة في القانون المدني : البيع والايجار " دراسة مقارنة معززة بالتطبيقات القضائية "